| 000 | 00555nam a22001817a 4500 | ||
|---|---|---|---|
| 005 | 20260413151333.0 | ||
| 008 | 260413b |||||||| |||| 00| 0 eng d | ||
| 020 | _a978-0-486-28208-4 | ||
| 050 | _aPR 2664 .A I M 37 1994 | ||
| 100 | _aMARLOWE, CHRISTOPHER | ||
| 245 | _aDR. FAUSTUS | ||
| 250 | _aDOVER THRIFT | ||
| 260 |
_aNEW YORK, _bDOVER PUBLICATIONS, _c1994, |
||
| 300 | _aVi, 56 P, ILL | ||
| 500 | _aINCLUDES BIBLIOGRAPHICAL REFERENCES | ||
| 650 | _a1. Faust, -approximately 1540-Drama 2. Magicians-Drama 3. Germany-Drama | ||
| 942 |
_2lcc _cBK |
||
| 999 |
_c216935 _d216935 |
||